000 00673nam a2200193 i 4500
001 76556
003 ES-MaACL
005 20230906172859.0
007 t|
008 041004s1919 sp ||||1| spa d
100 1 _aGuilera Molas, Luis G.
_960699
245 1 0 _aOrígen, formación y evolución del folículo de De-Graaf
_b: histogénesis del cuerpo lúteo /
_cpor Luis G. Guilera Molas.
260 _aMadrid :
_bCalpe,
_c1919 (
_fImp. Clásica Española)
300 _aXII, 94 p., 12 lám. ;
_c24 cm.
490 1 _aMonografías de biología y medicina
830 0 _aMonografías de biología y medicina
_9183869
852 _aES-MaACL
_jB-11384
999 _c76556
_d76556